000 00431nam a2200181Ia 4500
001 9502
005 20260306161723.0
008 260306t2015||||xx |||||||||||||| ||spa||
041 _aESP
082 _a378.985
_bB38
100 _aBelaunde, Victor Andrés
_eAUT
245 0 _aInquietud, serenidad, plenitud
260 _c2015
300 _a127 páginas :
_c24 cm.
650 _aGEN
654 _aCED
942 _cLIB
_dJUS
_fJUS
_2ddc
_n
999 _c9502
_d9502